[Event "RM-2021-0-00237"]
[Site "LSS email"]
[Date "2021.03.17"]
[Round "?"]
[White "Nichols, Scott"]
[Black "Ress, Jacques"]
[Result "1/2-1/2"]
[WhiteElo "2354"]
[BlackElo "2312"]
[PlyCount "67"]
[EventDate "2021.01.14"]
[EventType "tourn (corr)"]
[EventRounds "6"]
[EventCountry "GER"]
[SourceTitle "Corr 2022"]
[Source "ChessBase"]
[SourceDate "2021.10.24"]
[SourceVersion "1"]
[SourceVersionDate "2021.10.24"]
[SourceQuality "1"]

1. e4 e5 2. Nf3 Nc6 3. Bb5 a6 4. Ba4 Nf6 5. 0-0 Be7 6. Re1 b5 7. Bb3 0-0 8. h3 Bb7 9. d3 d5 10. exd5 Nxd5 11. a4 Nd4 12. Nbd2 Bb4 13. Rxe5 Nc3 14. bxc3 Bxc3 15. Ba3 Nxb3 16. cxb3 b4 17. Bxb4 Bxb4 18. Re3 c5 19. Nc4 Rc8 20. Rc1 Qf6 21. Nfd2 Qh6 22. Ne4 Rcd8 23. Ne5 Rd5 24. Nf3 f5 25. Neg5 Rd6 26. h4 Qf6 27. Qe2 h6 28. Nh3 f4 29. Re8 Rxe8 30. Qxe8+ Qf8 31. Qxf8+ Kxf8 32. Nxf4 g5 33. hxg5 Bxf3 34. gxf3 1/2-1/2

[Event "SM-2021-0-00440"]
[Site "LSS email"]
[Date "2021.02.12"]
[Round "?"]
[White "Kovalenko, Igor"]
[Black "Ress, Jacques"]
[Result "1/2-1/2"]
[WhiteElo "2321"]
[BlackElo "2303"]
[PlyCount "69"]
[EventDate "2020.12.14"]
[EventType "tourn (corr)"]
[EventRounds "6"]
[EventCountry "GER"]
[SourceTitle "Corr 2024"]
[Source "ChessBase"]
[SourceDate "2023.10.19"]
[SourceVersion "1"]
[SourceVersionDate "2023.10.19"]
[SourceQuality "1"]

1. e4 e5 2. Nf3 Nc6 3. Bb5 a6 4. Ba4 Nf6 5. 0-0 Be7 6. Re1 b5 7. Bb3 0-0 8. d3 d6 9. Bd2 Bg4 10. c3 Na5 11. Bc2 c5 12. h3 Bh5 13. Bc1 Qc7 14. Nbd2 Rad8 15. Qe2 Rfe8 16. g4 Bg6 17. a4 b4 18. cxb4 cxb4 19. Nb3 Nc6 20. Be3 d5 21. Rac1 h6 22. Bb1 Qd7 23. Nh4 Bh7 24. Nf5 Bxf5 25. gxf5 Bd6 26. Kh1 Kh8 27. Rg1 Ne7 28. a5 Rc8 29. Rxc8 Rxc8 30. Qf3 Rg8 31. Bb6 Qb5 32. Rc1 Nc8 33. Be3 Ne7 34. Bb6 Nc8 35. Be3 1/2-1/2

[Event "RM-2021-0-00235"]
[Site "LSS email"]
[Date "2021.02.12"]
[Round "?"]
[White "Susla, Vitaliy"]
[Black "Ress, Jacques"]
[Result "1/2-1/2"]
[WhiteElo "2317"]
[BlackElo "2303"]
[PlyCount "59"]
[EventDate "2020.12.15"]
[EventType "tourn (corr)"]
[EventRounds "6"]
[EventCountry "GER"]
[SourceTitle "Corr 2022"]
[Source "ChessBase"]
[SourceDate "2021.10.24"]
[SourceVersion "1"]
[SourceVersionDate "2021.10.24"]
[SourceQuality "1"]

1. d4 Nf6 2. c4 g6 3. Nc3 d5 4. Qb3 dxc4 5. Qxc4 Bg7 6. Nf3 0-0 7. e4 a6 8. e5 b5 9. Qb3 Nfd7 10. h4 c5 11. e6 c4 12. Qd1 Nb6 13. exf7+ Rxf7 14. h5 Nc6 15. hxg6 hxg6 16. Be3 Nd5 17. Nxd5 Qxd5 18. b3 cxb3 19. axb3 Bf5 20. Be2 Bf6 21. Kf1 Rh7 22. Rxh7 Kxh7 23. Ng5+ Bxg5 24. Bf3 Be4 25. Bxe4 Qxe4 26. Bxg5 Qxd4 27. Qe1 Qd5 28. Qe3 Kg8 29. Kg1 Kf7 30. Rc1 1/2-1/2

[Event "SM-2021-0-00440"]
[Site "LSS email"]
[Date "2021.02.11"]
[Round "?"]
[White "Ress, Jacques"]
[Black "Misericordia, Antonio"]
[Result "1/2-1/2"]
[WhiteElo "2303"]
[BlackElo "2298"]
[PlyCount "33"]
[EventDate "2020.12.14"]
[EventType "tourn (corr)"]
[EventRounds "6"]
[EventCountry "GER"]
[SourceTitle "Corr 2024"]
[Source "ChessBase"]
[SourceDate "2023.10.19"]
[SourceVersion "1"]
[SourceVersionDate "2023.10.19"]
[SourceQuality "1"]

1. e4 e5 2. Nf3 Nc6 3. Bb5 Nf6 4. 0-0 Nxe4 5. Re1 Nd6 6. Nxe5 Be7 7. Bf1 Nxe5 8. Rxe5 0-0 9. d4 Ne8 10. d5 Bc5 11. Re1 d6 12. Nc3 Bf5 13. Bd3 Qf6 14. Be3 Qg6 15. Bxf5 Qxf5 16. Bxc5 dxc5 17. Ne4 1/2-1/2

[Event "SM-2021-0-00440"]
[Site "LSS email"]
[Date "2021.02.11"]
[Round "?"]
[White "Zielinski, Sergej"]
[Black "Ress, Jacques"]
[Result "1/2-1/2"]
[WhiteElo "2299"]
[BlackElo "2303"]
[PlyCount "41"]
[EventDate "2020.12.14"]
[EventType "tourn (corr)"]
[EventRounds "6"]
[EventCountry "GER"]
[SourceTitle "Corr 2024"]
[Source "ChessBase"]
[SourceDate "2023.10.19"]
[SourceVersion "1"]
[SourceVersionDate "2023.10.19"]
[SourceQuality "1"]

1. c4 Nf6 2. Nc3 e5 3. Nf3 Nc6 4. g3 d5 5. cxd5 Nxd5 6. Bg2 Nb6 7. 0-0 Be7 8. a3 0-0 9. b4 Be6 10. Rb1 f6 11. d3 a5 12. b5 Nd4 13. Nd2 Qc8 14. e3 Nf5 15. Qc2 a4 16. Nce4 Rd8 17. Bb2 Rd5 18. Nc3 Rd8 19. Nce4 Rd5 20. Nc3 Rd8 21. Nce4 1/2-1/2

[Event "RM-2021-0-00234"]
[Site "LSS email"]
[Date "2021.01.31"]
[Round "?"]
[White "Bujdak, Pavel"]
[Black "Ress, Jacques"]
[Result "0-1"]
[WhiteElo "2194"]
[BlackElo "2307"]
[PlyCount "115"]
[EventDate "2020.12.05"]
[EventType "tourn (corr)"]
[EventRounds "6"]
[EventCountry "GER"]
[SourceTitle "Corr 2024"]
[Source "ChessBase"]
[SourceDate "2023.10.19"]
[SourceVersion "1"]
[SourceVersionDate "2023.10.19"]
[SourceQuality "1"]

1. g3 d5 2. Bg2 e5 3. c4 d4 4. d3 Nc6 5. Nf3 Bc5 6. 0-0 Nge7 7. Nbd2 Ng6 8. h4 a5 9. h5 Nf8 10. Nb3 Be7 11. a4 h6 12. Bd2 Nd7 13. Re1 Nf6 14. e3 dxe3 15. Bxe3 Bg4 16. Qb1 0-0 17. Bd2 Nd7 18. d4 exd4 19. Nh2 Bxh5 20. Bxc6 bxc6 21. Nxa5 Rxa5 22. Bxa5 Bd6 23. Qd3 Nc5 24. Qxd4 Nb3 25. Qe3 Nxa1 26. Rxa1 Re8 27. Qd4 c5 28. Qd5 Re5 29. Qg2 Bg6 30. Bc3 Be4 31. Qh3 Rg5 32. Re1 Bc6 33. Ng4 Rg6 34. Qh5 Bxa4 35. Ne5 Bxe5 36. Rxe5 Bc6 37. Qe2 Qd7 38. Kh2 Rd6 39. Rxc5 f6 40. b4 Re6 41. Qh5 Re4 42. Qh3 Qd6 43. Qc8+ Kf7 44. Qh3 Kf8 45. Qc8+ Ke7 46. Qh3 Kf7 47. Qh5+ Kg8 48. Kg1 Kh7 49. Kh2 g6 50. Rxc6 Qxc6 51. Qd5 Qxd5 52. cxd5 Kg7 53. Kg2 Rc4 54. Bd2 Kf7 55. Bxh6 g5 56. f4 Rxb4 57. fxg5 fxg5 58. Bxg5 0-1

[Event "RM-2021-0-00234"]
[Site "LSS email"]
[Date "2021.01.31"]
[Round "?"]
[White "Nichols, Scott"]
[Black "Ress, Jacques"]
[Result "1/2-1/2"]
[WhiteElo "2364"]
[BlackElo "2307"]
[PlyCount "49"]
[EventDate "2020.12.05"]
[EventType "tourn (corr)"]
[EventRounds "6"]
[EventCountry "GER"]
[SourceTitle "Corr 2024"]
[Source "ChessBase"]
[SourceDate "2023.10.19"]
[SourceVersion "1"]
[SourceVersionDate "2023.10.19"]
[SourceQuality "1"]

1. e4 e5 2. Nf3 Nc6 3. Bc4 Bc5 4. c3 Nf6 5. d3 d6 6. 0-0 h6 7. b4 Bb6 8. a4 a5 9. b5 Ne7 10. Nbd2 Ng6 11. Re1 0-0 12. h3 Re8 13. d4 exd4 14. cxd4 d5 15. e5 dxc4 16. exf6 Rxe1+ 17. Qxe1 Bf5 18. fxg7 Bxd4 19. Nxd4 Qxd4 20. Ra3 Bd3 21. Nf3 Qxg7 22. Qd2 Re8 23. Qxa5 b6 24. Qd2 Kh7 25. Bb2 1/2-1/2

[Event "RM-2021-0-00234"]
[Site "LSS email"]
[Date "2021.01.31"]
[Round "?"]
[White "Ress, Jacques"]
[Black "Enev, Zlatko"]
[Result "1/2-1/2"]
[WhiteElo "2307"]
[BlackElo "2378"]
[PlyCount "58"]
[EventDate "2020.12.05"]
[EventType "tourn (corr)"]
[EventRounds "6"]
[EventCountry "GER"]
[SourceTitle "Corr 2024"]
[Source "ChessBase"]
[SourceDate "2023.10.19"]
[SourceVersion "1"]
[SourceVersionDate "2023.10.19"]
[SourceQuality "1"]

1. e4 e5 2. Nf3 Nc6 3. Bb5 a6 4. Ba4 Nf6 5. 0-0 b5 6. Bb3 Bb7 7. d3 Bc5 8. Nc3 0-0 9. a4 Na5 10. axb5 Nxb3 11. cxb3 axb5 12. Rxa8 Bxa8 13. Nxe5 b4 14. Na4 Be7 15. Nf3 c5 16. Re1 d6 17. Nh4 g6 18. Nf3 Re8 19. Bg5 Nd7 20. Bxe7 Qxe7 21. d4 Kg7 22. h3 Bc6 23. Nd2 f5 24. dxc5 dxc5 25. Qc1 Qg5 26. Nf1 f4 27. h4 Qxh4 28. Nxc5 Ne5 29. Nh2 Qe7 1/2-1/2

[Event "RM-2021-0-00233"]
[Site "LSS email"]
[Date "2021.01.08"]
[Round "?"]
[White "Aberbach Peltzman, Angel Sergio"]
[Black "Ress, Jacques"]
[Result "1/2-1/2"]
[WhiteElo "2293"]
[BlackElo "2309"]
[PlyCount "45"]
[EventDate "2020.11.29"]
[EventType "tourn (corr)"]
[EventRounds "6"]
[EventCountry "GER"]
[SourceTitle "Corr 2022"]
[Source "ChessBase"]
[SourceDate "2021.10.24"]
[SourceVersion "1"]
[SourceVersionDate "2021.10.24"]
[SourceQuality "1"]

1. d4 Nf6 2. c4 g6 3. Nc3 d5 4. Nf3 Bg7 5. Qb3 dxc4 6. Qxc4 0-0 7. e4 a6 8. e5 b5 9. Qb3 Nfd7 10. Be2 c5 11. e6 cxd4 12. exf7+ Kh8 13. Ne4 Bb7 14. Nfg5 Bxe4 15. Nxe4 Ne5 16. Qh3 Qd7 17. Qxd7 Nbxd7 18. h4 d3 19. Bf1 Rac8 20. h5 gxh5 21. f4 Nc4 22. Rb1 Nc5 23. Nxc5 1/2-1/2

[Event "WC-2018-T-00002"]
[Site "LSS email"]
[Date "2018.11.28"]
[Round "?"]
[White "Claridge, John"]
[Black "Ress, Jacques"]
[Result "1-0"]
[WhiteElo "2484"]
[BlackElo "2337"]
[PlyCount "75"]
[EventDate "2018.12.03"]
[EventType "tourn (corr)"]
[EventRounds "10"]
[EventCountry "GER"]
[SourceTitle "Corr 2022"]
[Source "ChessBase"]
[SourceDate "2021.10.24"]
[SourceVersion "1"]
[SourceVersionDate "2021.10.24"]
[SourceQuality "1"]

1. e4 c5 2. Nf3 d6 3. d4 cxd4 4. Nxd4 Nf6 5. Nc3 a6 6. Be3 e5 7. Nb3 Be6 8. f3 h5 9. Nd5 Bxd5 10. exd5 Nbd7 11. Qd2 g6 12. Be2 Bg7 13. 0-0 b6 14. c4 0-0 15. Rae1 Re8 16. Kh1 Rc8 17. Qd1 a5 18. Nd2 Nc5 19. b3 e4 20. f4 Qd7 21. a4 Kh7 22. Rf2 Bh6 23. h3 h4 24. Rg1 Rh8 25. Nb1 Rhg8 26. Nc3 Qe7 27. Bg4 Rcf8 28. Nb5 Ne8 29. Nd4 f5 30. Be2 Ng7 31. Qd2 Nh5 32. Bxh5 gxh5 33. Rff1 Rg3 34. Ne2 Rg6 35. b4 axb4 36. Qxb4 Ra8 37. Qxb6 Rxa4 38. Ra1 1-0

[Event "SM-2018-0-00398"]
[Site "LSS email"]
[Date "2018.07.29"]
[Round "?"]
[White "Ress, Jacques"]
[Black "Bernal Varela, Nelson"]
[Result "1/2-1/2"]
[WhiteElo "2333"]
[BlackElo "2396"]
[PlyCount "65"]
[EventDate "2018.06.02"]
[EventType "tourn (corr)"]
[EventRounds "6"]
[EventCountry "GER"]
[SourceTitle "Corr 2022"]
[Source "ChessBase"]
[SourceDate "2021.10.24"]
[SourceVersion "1"]
[SourceVersionDate "2021.10.24"]
[SourceQuality "1"]

1. e4 e6 2. d4 d5 3. Nc3 Nf6 4. e5 Nfd7 5. f4 c5 6. Nf3 cxd4 7. Nxd4 Nc6 8. Be3 Qb6 9. Na4 Qc7 10. Be2 Nxd4 11. Bxd4 a6 12. 0-0 b5 13. Nc3 Bc5 14. Bf3 0-0 15. Rc1 Qa7 16. Ne2 a5 17. c3 Ba6 18. b4 Bxd4+ 19. Qxd4 Nb6 20. bxa5 Nc4 21. Qxa7 Rxa7 22. Nd4 Bb7 23. Be2 Rxa5 24. Bxc4 dxc4 25. Rf2 Rc8 26. Rb1 Bc6 27. Nxc6 Rxc6 28. a4 Rxa4 29. Rxb5 h5 30. Rb8+ Kh7 31. Rb7 Ra3 32. Rf3 Kg8 33. Rb8+ 1/2-1/2

[Event "RA-2018-0-00582"]
[Site "LSS email"]
[Date "2018.06.02"]
[Round "?"]
[White "Littke, Helmut"]
[Black "Ress, Jacques"]
[Result "1/2-1/2"]
[WhiteElo "2387"]
[BlackElo "2334"]
[PlyCount "53"]
[EventDate "2018.05.09"]
[EventType "tourn (corr)"]
[EventRounds "6"]
[EventCountry "GER"]
[SourceTitle "Corr 2022"]
[Source "ChessBase"]
[SourceDate "2021.10.24"]
[SourceVersion "1"]
[SourceVersionDate "2021.10.24"]
[SourceQuality "1"]

1. c4 Nf6 2. d4 g6 3. Nc3 Bg7 4. e4 d6 5. Nf3 0-0 6. Be2 e5 7. 0-0 Nc6 8. d5 Ne7 9. Ne1 Nd7 10. f3 f5 11. Be3 f4 12. Bf2 g5 13. b4 Nf6 14. c5 Ng6 15. c6 b6 16. b5 h5 17. a4 g4 18. a5 g3 19. hxg3 fxg3 20. Bxg3 h4 21. Bf2 Rb8 22. Ra2 Bh6 23. f4 Bxf4 24. axb6 axb6 25. Nd3 Bh6 26. Bh5 Nxh5 27. Qxh5 1/2-1/2